000 00750nam a22002297a 4500
003 BUBTL
008 240220b ||||| |||| 00| 0 eng d
020 _a9788120353428
041 _aeng
082 _a658.408/ K8976e/ 2022
100 _95688
_aKrishnamoorthy, Bala
245 _aEnvironmental Management :
_bText and Cases
_cBala Krishnamoorthy
250 _a3rd ed
260 _aDelhi:
_bPHI Learning Private Limited
_cc2022
300 _axv, 300 p. :
_c24 cm.
500 _aIncludes Index
505 _aEnvironmental Management, Environment Management Concepts, Environmental Law, Environmental Impact Assessment
650 0 _939
_aManagement
856 _k0
_l0
_yDownload
942 _2ddc
_cBK
999 _c7225
_d7225